000
00182 a2200085 4500
020
_a
9780262133340
100
_a
ÁKOS MORAVÁNSKY
245
_a
COMPLETE VISION
260
_b
THE MIT PRESS
999
_c
13058
_d
13058